000 00223nam a2200097 a 4500
005 20200930030619.0
008 110329s2004 000 spa d
245 0 _aGeografĂ­a universal.
260 _c[s.f].
999 _c26608
_d26608
040 _aDO-SdBNP